|
|
|
|
| LEADER |
00677nab a2200181 i 4500 |
| 001 |
misc13463 |
| 005 |
20191106141415.0 |
| 008 |
170607s1987 hu o 0|| hun d |
| 022 |
|
|
|a 0025-0260
|
| 040 |
|
|
|a SZTE Miscellanea Repozitórium
|b hun
|
| 041 |
|
|
|a hun
|
| 100 |
1 |
|
|a Szarka József
|
| 245 |
1 |
2 |
|a A pedagógiai tény nyomában
|h [elektronikus dokumentum] /
|c Szarka József
|
| 260 |
|
|
|c 1987
|
| 300 |
|
|
|a 345-353
|
| 490 |
0 |
|
|a Magyar pedagógia : a Magyar Tudományos Akadémia Pedagógiai Bizottságának folyóirata
|v 87 No. 4
|
| 695 |
|
|
|a Pedagógia pszichológia, Pedagógiai tény
|
| 856 |
4 |
0 |
|u http://misc.bibl.u-szeged.hu/13463/1/mp_1987_004_5861_345-353.pdf
|z Dokumentum-elérés
|